000 00265nam a2200097Ia 4500
001 644273
005 20250826153601.0
008 250824s9999 xx 000 0 und d
245 0 _aBENİM ÇİÇEKLERİM ATEŞTE AÇAR
_cAHMED GÜNBAY YILDIZ
260 _bTİMAŞ KÜLTÜR
999 _c644273
_d644273